| 000 | 00796nas a2200265 4500 | ||
|---|---|---|---|
| 001 | BR8701616 | ||
| 003 | BR-BrBNA | ||
| 005 | 20231205090614.0 | ||
| 007 | ta | ||
| 008 | 230509b bl.|||p| |||| 00| 00por d | ||
| 040 |
_aBR-BrBNA _bpor _cBiblioteca Nacional de Agricultura |
||
| 041 | _a(Pt) | ||
| 072 | _aL74; L10 | ||
| 100 | 1 | _aBasile, J.R. | |
| 245 | 1 | _aPatologia genital de vacas azebuadas abatidas em matadouro; 1. prevalencia de corpo luteo cistico | |
| 650 | _aGADO ZEBU | ||
| 650 | _aVACA | ||
| 650 | _aPRENHEZ | ||
| 650 | _aABATE | ||
| 650 | _aCORPO LUTEO | ||
| 650 | _aDOENCA ANIMAL | ||
| 773 | 0 |
_tRevista Brasileira de Reproducao Animal (Brazil) _xISSN 0102-0803 _g(1981), v. 5(1-2) p. 37-40 _wBR8701616 |
|
| 909 |
_a202311 _bLúcia _c55 _dLúcia Elande |
||
| 942 |
_2AGRIS _n0 _cANA |
||
| 999 |
_c119703 _d119703 |
||